00763nam a2200229Ia 4500999001500000020001800015082002000033245004200053260003600095300001100131504001900142650002200161650002400183650003200207650003400239650005200273700002200325700001700347700001700364942000700381952014500388 c7935d7935 a9788184247633 a330.015195 ECO- 0aEconometric applications for managers aNew DelhibAllied Publishersc0 av, 212 aincludes index aExecutiveszIndia aEconometricszIndia aIndiavEconomic development aEconomicvStatistical methods aIndiavEconomic conditionsvEconometric methods aKolluru, Srinivas aSailaja, Sai aMishra, R.K. cBK 00104070aNASSDOCbNASSDOCd2012-08-21eGifted by : The Authori2012-08-13l0o330.015195 ECO-p47887r2019-04-18 00:00:00w2019-04-18yBK